Quiz Mercredi - Statistiques

Statistiques générales
  • Ce quiz a été pris 3 292 fois
  • Le résultat moyen est 13 sur 15
Statistiques - réponses
Question Réponse % Correct
Comment s'appelle sa colocataire de chambre Enid
99%
Comment s'appelle l'actrice qui joue Mercredi Addams dans cette série? Jenna Ortega
99%
Comment s'appelle la mère de Mercredi? Morticia
99%
A quoi ressemble la Chôse? Une main
99%
Quelle est l'une des particularités de Mercredi? Elle a des visions
98%
Comment s'appelle le frère de Mercredi Pugsley
97%
Comment s'appelle le monstre de la série? Hyde
96%
Comment s'appelle le village à côté de l'académie? Jericho
95%
Que reçoit Mercredi comme cadeau à la fin du dernier épisode? Un téléphone portable
92%
Dans quelle académie Mercredi va t-elle? Nevermore
91%
De combien d'épisodes est composée la série Mercredi? 8
89%
Qui met le chewing gum sur la caméra de la salle d'autopsie? La Chôse
80%
Quand Enid et Mercredi se font leur premier câlin? A la fin
74%
Comment s'appelle la compétition qui a lieu dans l'académie de Mercredi? La coupe Poe
59%
Qui était Goodie Addams? Une sorcière
53%
Aucun quiz correspondant
Distribution des résultats
% des personnes avec chaque résultat
Percentile par nombre de réponses
Votre historique - résultats
Vous n’avez pas pris ce quiz